000 00453nam a2200169Ia 4500
008 230917s9999||||xx |||||||||||||| ||und||
020 _cRS595
040 _e242565
_aMAIN
041 _aEnglish
082 _a658.4 D84C
100 _aDrucker, Peter F
245 0 _aChanging world of the executive
260 _aOxon
_bRoutledge
_c2014
300 _axiv, 271 p.
500 _a2895 06/10/2017 PBA17/928 10/10/2017 IMSAR (Dev. & Research)
942 _cBK
999 _c24236
_d24236